000 00467nam a2200181Ia 4500
003 OSt
005 20230529095507.0
008 210423s1999 xx 000 0 und d
040 _cAL
041 _aeng
082 _a158.3 HUMC
_223
100 _aHUMPHRIES (John).
_9115405
245 _aHow to counsel people at work.
260 _aMumbai
_bJaico Publishing House
_c1999
365 _b60
_cINR
906 _aat ; counsel ; How ; people ; work.
942 _2ddc
_cBK
999 _c173500
_d173500